Povrchovo aktívne látky a ich zdravotné riziká bakalárska práca

Gespeichert in:
Bibliographische Detailangaben
1. Verfasser: Berezňáková, Tereza
Format: Buch
Sprache:Slowakisch
Veröffentlicht: Bratislava STU FCHPT 2014
Online-Zugang:Im OPAC anzeigen
Tags: Tag hinzufügen
Keine Tags, Fügen Sie das erste Tag hinzu!

MARC

LEADER 00000nam a2200000 a 4500
005 20260127134305.0
008 140903 2014 000 0 slo d
035 |a vtls010617497 
039 9 |y 201409031206  |z mschk03 
040 |a STUSCHK1  |b slo  |c STUSCHK1  |e AACR2 
100 1 |a Berezňáková, Tereza 
245 1 |a Povrchovo aktívne látky a ich zdravotné riziká  |b bakalárska práca  |c Tereza Berezňáková 
260 |a Bratislava  |b STU FCHPT  |c 2014 
300 |a 40 s.  |b Obr., tab.  |c 30 cm 
500 |a Obhájené: 16.7.2014 
500 |a Štud. program: výživa-kozmetika-ochrana zdravia 
500 |a Štud. odbor: potravinárstvo 
500 |a Školiace pracovisko: Odd. organickej technológie 
500 |a Evid. číslo: FCHPT-13046-43156 
910 |a SCHK95 
999 |c 8924  |d 8924